000 00384nam a22001457a 4500
008 250716b |||||||| |||| 00| 0 eng d
020 _a9788126547265
050 _aSF250.5
_b.H95
100 _aHui Y.H
245 _aDiary Science and Technology Principles and Properties
260 _aNew Delhi
_bWILEY-VCH
_c2014
300 _aviii, 437
_bill.
650 _aGeneral Work
942 _cBK
999 _c4345
_d4345